000 00811nam a2200241Ia 4500
003 OSt
005 20220923212714.0
006 a|||||r|||| 00| 0
007 ta
008 220922b |||||||| |||| 00| 0 hin d
024 _a155,454
037 _cTextual
040 _aARTS
_cARTS
_bhin
041 _2hin
_ahin
082 _aO15:gx2,1, 152K2
100 _aभामह
245 0 _aकाव्यालंकार, भाष्यकार देवेन्द्रनाथ शर्मा
246 _aKāvyālankāra, bhāṣhyakār devendranāth sharmā
260 _aपटना
_b बिहार राष्ट्रभाषा-परिषद
_c1962
300 _a197 पृ.
_ccm.
942 _hO15:gx2,1, 152K2
_cTEXL
_2CC
999 _c310978
_d310978